|
|
|
|
| LEADER |
00000nam a2200000 i 4500 |
| 001 |
1/34698 |
| 008 |
060921s1999 eng d |
| 020 |
|
|
|a 0-08-043151-8 (hbk.)
|
| 035 |
|
|
|l 10085307
|
| 040 |
|
|
|a GR-MY-UA
|b gre
|e aacr
|
| 041 |
0 |
|
|a eng
|
| 082 |
0 |
|
|a 616.855003
|2 (22)
|
| 245 |
1 |
0 |
|a Concise encyclopedia of language pathology /
|c edited by Franco Fabbro ; consulting editor R. E. Asher
|
| 260 |
|
|
|a Amsterdam; Lausanne :
|b Elsevier,
|c 1999
|
| 300 |
|
|
|a xx, 455 σ.;
|c 26 εκ.
|
| 504 |
|
|
|a Περιλαμβάνει βιβλιογραφικές αναφορές και ευρετήριο
|
| 650 |
0 |
0 |
|a Language disorders in children
|x Encyclopedias.
|
| 650 |
0 |
0 |
|a Speech disorders.
|
| 700 |
1 |
|
|a Fabbro, F.
|4 edt
|
| 700 |
1 |
|
|a Asher, R. E.
|4 edt
|
| 852 |
|
|
|a INST
|b RHODES
|e 20060921
|h 616.855003 CON
|p 005400024184
|q 005400024184
|t REF
|y 23
|
| 901 |
|
|
|a BIBL4-2006-2
|
| 909 |
|
|
|a Ρ
|b 129400
|
| 920 |
|
|
|a ΑΝΑΜΟΡΦΩΣΗ
|b ΕΠΕΑΕΚ ΙΙ-ΤΜΣ
|y ΡΟΔΟΣ
|z 2006-08
|
| 970 |
|
|
|a ΚΟΖΑ
|b ΜΑΡΙΑ
|z 2006/09/21
|